000 02898nam a2200697 4500
001 21944
003 VRT
005 20260314193501.0
008 241113s2024 xo fa j 000 jdslo
020 _a9788022215664
_q(viazané)
039 9 _a202505150958
_bAUTHORITY
_c202502191125
_dmsnk04
_c202501161523
_dmsvkbb03
_c202412021332
_dmsvkpo26
040 _aSAVUK
_bslo
_cSAVUK
_dSNK
_erda
041 0 _aslo
044 _axo
_cSK
072 7 _a821.162.4-3
_xSlovenská próza
_2konspekt
072 7 _a821-93
_xLiteratúra pre deti a mládež (beletria)
_2konspekt
080 _a821.162.4-34
_22011
080 _a82-93-053.4/.5
_22011
080 _a(094.9)
_22011
080 _a(0:82-94)
_22011
080 _a82‑34/398.2:7.074‑055.2
_22011
080 _a808.543-055.2
_22011
100 1 _aSirotková, Amália,
_d1813-1892
_4aut
245 1 0 _aZabudnuté rozprávky
_cAmália Sirotková ; rozprávky na vydanie pripravila a sekundárne texty napísala Jana Piroščáková ; ilustroval Zsolt Lukács
264 1 _aBratislava
_bTatran
_c2024
300 _a262 strán
_bilustrácie (prevažne farebné)
_c25 cm
336 _atext
_btxt
_2rdacontent
336 _astatický obraz
_bsti
_2rdacontent
337 _abez média
_bn
_2rdamedia
338 _azväzok
_bnc
_2rdacarrier
500 _aObsahuje biografické údaje o autorke
500 _aObsahuje poznámky pod čiarou
504 _aObsahuje bibliografické odkazy a poznámky
600 1 7 _aSirotková, Amália,
_d1813-1892
_2SNKMA
650 0 7 _azberateľky rozprávok
_2SNKPH
650 0 7 _arozprávačky
_2SNKPH
650 0 7 _aWomen collectors of fairy tales
_2SNKPHeng
650 0 7 _aWomen storytellers
_2SNKPHeng
655 7 _aslovenské rozprávky
_2SNKPH
655 7 _aliteratúra pre deti
_2SNKPH
655 7 _azbierky
_2SNKPH
655 7 _aSlovak fairy tales
_2SNKPHeng
655 7 _aChildren's literature
_2SNKPHeng
655 7 _aCollections of documents
_2SNKPHeng
655 7 _amedailóny
_2SNKPH
655 7 _aBiographical portraits
_2SNKPHeng
700 1 _aPiroščáková, Jana
_4edt
_4aui
_4aft
700 1 _aLukács, Zsolt
_4ill
700 1 _aBilińska, Irena,
_d1972-
_4rev
700 1 _aHlôšková, Hana,
_d1955-
_4rev
942 _2ddc
_cKLDE
_n0
949 _62889398552
_asavukS 168099
_bsavuk2024/1987
_pExemplár má 2 obrazové prílohy a je uložený v kartónovom obale
_qSkontrolovať vrátenie 2 obrazových príloh
_rSúčasťou knihy 2 obrazové prílohy
949 _6270001000683399
_asvkbbB 67539
_bsvkbbm 813442
949 _617A1565178
_asnkSC 209359
_bsnk2025/2848
_o2160/2024
949 _617A1565179
_asnkSC 209359 D1
_bsnk2025/2849
_o2160/2024
_p
949 _62889397365
_asavukS 168060
_bsavuk2024/1876
949 _63870A28703
_abinIL 1642
_bbin28703
949 _63870A28643
_abinSR 147
_bbin28643
949 _6273K0693724
_asvkpoB 119773
_bsvkpo682920
999 _c21944
_d21944